000 00706nam a2200181Ia 4500
008 090124s9999 xx 000 0 und d
082 _b25188
_a408
100 _aभट विठ्ठलराय
245 _a पाणिनीय व्याकरण आणि भाषा तत्वज्ञान
250 _a1
260 _c1986
300 _a168
600 _aभट विठ्ठलराय
630 _a पाणिनीय व्याकरण आणि भाषा तत्वज्ञान
700 _aभट विठ्ठलराय
730 _a पाणिनीय व्याकरण आणि भाषा तत्वज्ञान
942 _cBOOK
999 _c138716
_d138716